|
|
|
|
| LEADER |
00564cam a2200157 7i4500 |
| 001 |
0000021975 |
| 005 |
20081203090000.0 |
| 090 |
0 |
0 |
|a SING 338.7025
|b KOM
|
| 245 |
0 |
0 |
|a Kompass Singapore 2008 :
|b Company information, products & services.
|
| 260 |
0 |
0 |
|a Singapore:
|b Kompass South East Asia,
|c 2008.
|
| 300 |
# |
# |
|a 1456 p.
|
| 650 |
0 |
0 |
|a Exports --
|x Directories --
|z Singapore
|
| 650 |
0 |
0 |
|a Business --
|x Directories --
|z Singapore
|
| 650 |
0 |
0 |
|a Imports --
|x Directories --
|z Singapore
|
| 651 |
0 |
0 |
|a Singapore
|
| 999 |
|
|
|a B000023403
|b Directories
|c Countries
|e Business Information Centre
|